000 00474nam a2200157 i 4500
001 14622
003 ES-MaACL
007 t|
008 990517s1916 sp ||||1| spa d
080 _a821.134.2-32"19"
100 1 _aLópez Núñez, Alvaro.
_973832
245 1 0 _aMosaico
_b: cuentos de varia condición /
_cAlvaro López Núñez.
260 _aMadrid :
_b[s.n.],
_c1916 (
_fImprenta Hispano-Alemana)
300 _a223 p. ;
_c19 cm.
852 _aES-MaACL
_jG-2100
_bR.125846
999 _c14622
_d14622